[Event "9MCR_4D_1L_4S"]
[Site "?"]
[Date "2010.??.??"]
[Round "?"]
[White "Karasova, Eva"]
[Black "Stika, Vaclav"]
[Result "1-0"]
[WhiteElo "2228"]
[BlackElo "2106"]
[Annotator "065"]
[PlyCount "99"]
[EventDate "2010.??.??"]
[EventType "corr"]
[SourceDate "2002.06.29"]

1. e4 e5 2. Nf3 Nc6 3. Bb5 a6 4. Ba4 Nf6 5. O-O Be7 6. Re1 b5 7. Bb3 d6 8. c3
O-O 9. h3 Na5 10. Bc2 c5 11. d4 Qc7 12. Nbd2 Bd7 13. Nf1 Rfe8 14. b3 cxd4 15.
cxd4 Nc6 16. Bb2 Rac8 17. Ne3 Qb7 18. a3 Bd8 19. Rc1 h6 20. dxe5 Nxe5 21. Nh4
Ba5 22. b4 Bb6 23. Nef5 Rc6 24. Bb1 Rxc1 25. Qxc1 Qc7 26. Qxc7 Bxc7 27. Rd1 Kf8
28. Ne3 Nc4 29. Bxf6 gxf6 30. Nd5 Bd8 31. g4 h5 32. gxh5 Bxh3 33. Rd3 Bg4 34.
h6 f5 35. Nxf5 Bxf5 36. exf5 Re4 37. Rh3 Rh4 38. Rxh4 Bxh4 39. f6 Kg8 40. f4
Nxa3 41. Bd3 Nc4 42. Kg2 Nb2 43. Bf5 Nc4 44. Kf3 Kh8 45. Bc2 Na3 46. Be4 Nc4
47. Bf5 Kg8 48. Kg4 Bf2 49. Bg6 Bd4 50. Kf5 1-0

[Event "9MCR_4D_1L_4S"]
[Site "?"]
[Date "2010.??.??"]
[Round "?"]
[White "Karasova, Eva"]
[Black "Sykora, Josef"]
[Result "1/2-1/2"]
[WhiteElo "2228"]
[BlackElo "2319"]
[Annotator "073"]
[PlyCount "126"]
[EventDate "2010.??.??"]
[EventType "corr"]
[SourceDate "2002.06.29"]

1. e4 c6 2. d4 d5 3. e5 c5 4. dxc5 e6 5. Be3 Nd7 6. Nc3 Nxe5 7. Qh5 Nd7 8. Bb5
Ngf6 9. Qg5 a6 10. Ba4 Be7 11. Qxg7 Rg8 12. Qh6 Bf8 13. Qh3 Qc7 14. Nf3 Bxc5
15. Bxc5 Qxc5 16. O-O b5 17. Bb3 a5 18. a4 b4 19. Nb5 Ba6 20. Rfe1 Bxb5 21.
axb5 Ke7 22. Qf5 Rg4 23. Qd3 Qb6 24. h3 Re4 25. Qd2 Rxe1+ 26. Qxe1 Qxb5 27. Nd4
Qb6 28. Qe3 Kd8 29. Ba4 Kc8 30. b3 Ne4 31. Rd1 Nc3 32. Bxd7+ Kxd7 33. Rd3 Qd6
34. Qf3 Rf8 35. Qf6 Qe7 36. Qh6 Rc8 37. Rf3 Ne4 38. Qh5 f5 39. Rd3 Rg8 40. Nxf5
exf5 41. Rxd5+ Kc6 42. Rxf5 Rg5 43. Rxg5 Nxg5 44. h4 Ne4 45. Qxa5 Qxh4 46. Qa6+
Kc7 47. Qc4+ Kd7 48. Qb5+ Ke6 49. Qc4+ Ke5 50. Qb5+ Kf6 51. g3 Qg4 52. Qb6+ Kf7
53. Qb7+ Kg6 54. Qxb4 Qd1+ 55. Kg2 Qxc2 56. Qb6+ Nf6 57. b4 Qe4+ 58. Kg1 Kf7
59. Qa7+ Ke8 60. Qa1 Nd5 61. b5 Kd7 62. Qa6 Ke7 63. Qc6 Qf5 1/2-1/2

[Event "9MCR_4D_1L_4S"]
[Site "?"]
[Date "2010.??.??"]
[Round "?"]
[White "Karasova, Eva"]
[Black "Tomisek, Petr"]
[Result "1/2-1/2"]
[WhiteElo "2228"]
[BlackElo "2187"]
[Annotator "054"]
[PlyCount "59"]
[EventDate "2010.??.??"]
[EventType "corr"]
[SourceDate "2002.06.29"]

1. e4 e5 2. Nf3 Nc6 3. Bb5 f5 4. Nc3 fxe4 5. Nxe4 d5 6. Nxe5 dxe4 7. Nxc6 Qg5
8. Qe2 Nf6 9. f4 Qxf4 10. Nxa7+ Bd7 11. Bxd7+ Kxd7 12. Qb5+ Ke6 13. Qxb7 Bd6
14. Qb3+ Kd7 15. Qf7+ Be7 16. Nc6 Kxc6 17. Qxe7 Rae8 18. Qa3 Rhf8 19. Qg3 Qf5
20. Rf1 Qh5 21. Qc3+ Kb7 22. Qb3+ Ka6 23. Qh3 Qxh3 24. gxh3 Nd5 25. a3 Nf4 26.
b4 Ng2+ 27. Ke2 Nf4+ 28. Kd1 Nxh3 29. Rxf8 Rxf8 30. Bb2 1/2-1/2

[Event "9MCR_4D_1L_4S"]
[Site "?"]
[Date "2010.??.??"]
[Round "?"]
[White "Kyhos, Alois"]
[Black "Hlavacek, Ladislav"]
[Result "1-0"]
[WhiteElo "2180"]
[BlackElo "2004"]
[Annotator "002"]
[PlyCount "57"]
[EventDate "2010.??.??"]
[EventType "corr"]
[SourceDate "2002.06.29"]

1. e4 e5 2. Nf3 Nc6 3. Bb5 Bd6 4. O-O Nf6 5. d4 Qe7 6. Re1 O-O 7. c3 a6 8. Bd3
Re8 9. Nbd2 b5 10. a4 Rb8 11. axb5 axb5 12. Qe2 exd4 13. cxd4 Bf4 14. e5 Qb4
15. g3 Bh6 16. Ne4 Bxc1 17. Nxf6+ gxf6 18. Qe4 f5 19. Qxf5 Nxd4 20. Qxh7+ Kf8
21. Qh8+ Ke7 22. Qf6+ Kf8 23. Raxc1 Rb6 24. Qh8+ Ke7 25. Qh4+ Kf8 26. Nxd4 c5
27. e6 dxe6 28. Re4 Qxb2 29. Rxc5 1-0

[Event "9MCR_4D_1L_4S"]
[Site "?"]
[Date "2010.??.??"]
[Round "?"]
[White "Kyhos, Alois"]
[Black "Karasova, Eva"]
[Result "1/2-1/2"]
[WhiteElo "2180"]
[BlackElo "2228"]
[Annotator "044"]
[PlyCount "75"]
[EventDate "2010.??.??"]
[EventType "corr"]
[SourceDate "2002.06.29"]

1. e4 e5 2. Nf3 Nf6 3. Nxe5 d6 4. Nf3 Nxe4 5. d4 d5 6. Bd3 Bd6 7. O-O O-O 8. c4
c6 9. Re1 Bf5 10. Qc2 Na6 11. a3 Re8 12. Nc3 Bg6 13. Nxe4 dxe4 14. Bxe4 Qe7 15.
Bg5 Bxe4 16. Bxe7 Bxh2+ 17. Kxh2 Bxc2 18. Rac1 Bf5 19. d5 cxd5 20. cxd5 Rac8
21. Nd4 Rxc1 22. Rxc1 Bd7 23. Bd6 h6 24. b4 Re4 25. Rd1 Ba4 26. Rd3 Re8 27. Rg3
Kh7 28. f4 Nb8 29. Nf5 g6 30. Ne7 Nd7 31. Rc3 Nb6 32. Rc7 Rd8 33. Be5 Rd7 34.
d6 Rxc7 35. dxc7 Bd7 36. Bd4 Nc8 37. Nd5 Be6 38. Nc3 1/2-1/2

[Event "9MCR_4D_1L_4S"]
[Site "?"]
[Date "2010.??.??"]
[Round "?"]
[White "Kyhos, Alois"]
[Black "Portych, Vaclav"]
[Result "1-0"]
[WhiteElo "2180"]
[BlackElo "2129"]
[Annotator "047"]
[PlyCount "79"]
[EventDate "2010.??.??"]
[EventType "corr"]
[SourceDate "2002.06.29"]

1. e4 c5 2. Nf3 Nc6 3. Bb5 d6 4. O-O Bg4 5. h3 Bh5 6. c3 a6 7. Bxc6+ bxc6 8. d4
cxd4 9. cxd4 Nf6 10. Bg5 d5 11. g4 Bg6 12. Qa4 Rc8 13. e5 Ne4 14. e6 Nxg5 15.
Nxg5 f6 16. Rc1 Qb6 17. Nf3 h5 18. Rc5 hxg4 19. hxg4 Bd3 20. Nc3 Bc4 21. Kg2
Qc7 22. Qc2 Qf4 23. Qf5 Qxf5 24. gxf5 Bd3 25. Nxd5 Bxf5 26. Nb6 Rb8 27. Rxc6 g6
28. Rac1 Rd8 29. R1c5 Bh6 30. Kg3 O-O 31. d5 Be4 32. Rc7 Bxf3 33. Kxf3 Rfe8 34.
R5c6 a5 35. Nc8 Bf8 36. d6 Rxd6 37. Nxd6 exd6 38. Ra6 Rxe6 39. Rxa5 Re8 40.
Raa7 1-0

[Event "9MCR_4D_1L_4S"]
[Site "?"]
[Date "2010.??.??"]
[Round "?"]
[White "Kyhos, Alois"]
[Black "Urban, Milos"]
[Result "1-0"]
[WhiteElo "2180"]
[BlackElo "1620"]
[Annotator "008"]
[PlyCount "63"]
[EventDate "2010.??.??"]
[EventType "corr"]
[SourceDate "2002.06.29"]

1. e4 e5 2. Nf3 Nf6 3. Nxe5 d6 4. Nf3 Nxe4 5. d4 d5 6. Bd3 Nc6 7. O-O Be7 8. c4
Nb4 9. Be2 O-O 10. Nc3 b6 11. a3 Nxc3 12. bxc3 Nc6 13. Re1 Bb7 14. cxd5 Qxd5
15. Qc2 Rae8 16. Bd3 h6 17. Be4 Qh5 18. Bf4 Bd6 19. Bxd6 cxd6 20. h3 d5 21.
Bh7+ Kh8 22. Bd3 Rxe1+ 23. Rxe1 a6 24. Qb1 b5 25. a4 Ba8 26. axb5 axb5 27. Qxb5
f6 28. c4 Rb8 29. Qc5 Rd8 30. Re6 Nb8 31. Qc7 Re8 32. g4 1-0

[Event "9MCR_4D_1L_4S"]
[Site "?"]
[Date "2010.??.??"]
[Round "?"]
[White "Kyhos, Alois"]
[Black "Volf, Michal"]
[Result "1-0"]
[WhiteElo "2180"]
[BlackElo "1760"]
[Annotator "021"]
[PlyCount "29"]
[EventDate "2010.??.??"]
[EventType "corr"]
[SourceDate "2002.06.29"]

1. e4 e6 2. d4 d5 3. Nc3 Bb4 4. e5 c5 5. a3 Bxc3+ 6. bxc3 Ne7 7. Nf3 Bd7 8.
dxc5 Qc7 9. Bd3 Ba4 10. Rb1 Nd7 11. Rb4 Bc6 12. Be3 Qa5 13. O-O Qxa3 14. Bd4
Qxc3 15. Bxc3 1-0

[Event "9MCR_4D_1L_4S"]
[Site "?"]
[Date "2010.??.??"]
[Round "?"]
[White "Portych, Vaclav"]
[Black "Cernovsky, Karel"]
[Result "0-1"]
[WhiteElo "2129"]
[BlackElo "2266"]
[Annotator "071"]
[PlyCount "138"]
[EventDate "2010.??.??"]
[EventType "corr"]
[SourceDate "2002.06.29"]

1. c4 Nf6 2. Nc3 e5 3. Nf3 Nc6 4. g3 Bb4 5. Bg2 O-O 6. Nd5 e4 7. Nh4 Re8 8. O-O
d6 9. d3 Nxd5 10. cxd5 exd3 11. Qxd3 Ne5 12. Qb3 a5 13. Nf3 Ng4 14. e3 Bc5 15.
Bd2 Bf5 16. Bc3 a4 17. Qd1 a3 18. b4 Bb6 19. Re1 Ne5 20. Nxe5 dxe5 21. d6 e4
22. Qd5 g6 23. Qxb7 Qxd6 24. Red1 Qe6 25. Rd2 c5 26. b5 Kf8 27. Rad1 Reb8 28.
Qc6 Qxc6 29. bxc6 Rc8 30. Rd6 Bd8 31. h3 Be7 32. R6d2 Ra4 33. Bf1 h5 34. Bb5
Ra7 35. Kg2 Be6 36. Rc1 f6 37. h4 Raa8 38. Rcd1 Kf7 39. Rd7 Bxa2 40. Rb7 Be6
41. Rd6 a2 42. Rxe6 Kxe6 43. Bc4+ Kd6 44. Rd7+ Kxc6 45. Rxe7 a1=Q 46. Bxa1 Rxa1
47. Re6+ Kc7 48. Rxf6 Ra4 49. Bb3 Rb4 50. Bc2 Re8 51. Rxg6 Rb2 52. Bd1 c4 53.
Bxh5 c3 54. Rg5 Rc8 55. Bd1 Kd6 56. Rg6+ Kc5 57. Rg5+ Kb4 58. Rg7 Rd2 59. Rb7+
Ka5 60. Ra7+ Kb6 61. Ra1 Rf8 62. Rc1 Rfxf2+ 63. Kh3 Rf1 64. Rxc3 Rfxd1 65. Rc4
Rh1+ 66. Kg4 Rg2 67. Rxe4 Rhg1 68. Kf5 Rxg3 69. Kf6 Rf3+ 0-1

[Event "9MCR_4D_1L_4S"]
[Site "?"]
[Date "2010.??.??"]
[Round "?"]
[White "Portych, Vaclav"]
[Black "Hlavacek, Ladislav"]
[Result "1-0"]
[WhiteElo "2129"]
[BlackElo "2004"]
[Annotator "030"]
[PlyCount "69"]
[EventDate "2010.??.??"]
[EventType "corr"]
[SourceDate "2002.06.29"]

1. c4 Nf6 2. Nc3 e5 3. Nf3 Nc6 4. g3 Bc5 5. Nd5 d6 6. d3 Nxd5 7. cxd5 Ne7 8.
Qb3 c6 9. dxc6 Nxc6 10. Bg2 O-O 11. O-O Rb8 12. a3 Be6 13. Qd1 Bb6 14. b4 Rc8
15. Bb2 Bg4 16. h3 Bf5 17. Qd2 h6 18. Rac1 Qd7 19. Kh2 a6 20. d4 e4 21. d5 Ne7
22. Nd4 Bg6 23. f3 Rxc1 24. Rxc1 exf3 25. Bxf3 Nf5 26. Nxf5 Bxf5 27. Bd4 Bxd4
28. Qxd4 Rc8 29. Rc4 Qe7 30. Kg2 Bd7 31. h4 g6 32. Rxc8+ Bxc8 33. h5 g5 34. Qc3
g4 35. Qxc8+ 1-0

[Event "9MCR_4D_1L_4S"]
[Site "?"]
[Date "2010.??.??"]
[Round "?"]
[White "Portych, Vaclav"]
[Black "Karasova, Eva"]
[Result "1/2-1/2"]
[WhiteElo "2129"]
[BlackElo "2228"]
[Annotator "058"]
[PlyCount "53"]
[EventDate "2010.??.??"]
[EventType "corr"]
[SourceDate "2002.06.29"]

1. c4 e5 2. Nc3 Nf6 3. Nf3 Nc6 4. g3 Bb4 5. Nd5 Bc5 6. d3 h6 7. Bg2 O-O 8. O-O
d6 9. e3 a6 10. Bd2 Bg4 11. Qb3 Rb8 12. Bc3 Ba7 13. Rac1 Nd7 14. Rfe1 Nc5 15.
Qc2 Bf5 16. Red1 Ne7 17. e4 Bh7 18. b4 Ne6 19. Bb2 Nc6 20. c5 Bg6 21. cxd6 cxd6
22. Qb3 Bh5 23. Rd2 Kh8 24. Rc4 f5 25. exf5 Rxf5 26. g4 Rf8 27. gxh5 1/2-1/2

[Event "9MCR_4D_1L_4S"]
[Site "?"]
[Date "2010.??.??"]
[Round "?"]
[White "Portych, Vaclav"]
[Black "Tomisek, Petr"]
[Result "1/2-1/2"]
[WhiteElo "2129"]
[BlackElo "2187"]
[Annotator "011"]
[PlyCount "47"]
[EventDate "2010.??.??"]
[EventType "corr"]
[SourceDate "2002.06.29"]

1. c4 Nc6 2. Nc3 Nf6 3. Nf3 d5 4. cxd5 Nxd5 5. d4 Bg4 6. e4 Bxf3 7. gxf3 Nxc3
8. bxc3 e5 9. Rb1 Bd6 10. Rxb7 O-O 11. Qa4 Ne7 12. h4 Ng6 13. Qd1 exd4 14. h5
Nf4 15. cxd4 Qg5 16. h6 Rab8 17. hxg7 Rxb7 18. gxf8=Q+ Bxf8 19. Bxf4 Qxf4 20.
Bc4 Rb2 21. Kf1 h6 22. Rh3 Bg7 23. Bb3 Kf8 24. Rg3 1/2-1/2

[Event "9MCR_4D_1L_4S"]
[Site "?"]
[Date "2010.??.??"]
[Round "?"]
[White "Portych, Vaclav"]
[Black "Urban, Milos"]
[Result "1-0"]
[WhiteElo "2129"]
[BlackElo "1620"]
[Annotator "034"]
[PlyCount "67"]
[EventDate "2010.??.??"]
[EventType "corr"]
[SourceDate "2002.06.29"]

1. c4 Nf6 2. Nc3 e6 3. Nf3 Bb4 4. g3 O-O 5. Bg2 d5 6. O-O Nc6 7. a3 Bxc3 8.
dxc3 dxc4 9. Qa4 Bd7 10. Qxc4 Na5 11. Qh4 h6 12. Rb1 Nd5 13. Qe4 Nb3 14. Ne5
Nxc1 15. Rfxc1 c6 16. Rd1 b5 17. Qd3 f5 18. b3 Be8 19. c4 Qc7 20. cxd5 Qxe5 21.
dxc6 Rc8 22. Rbc1 a6 23. b4 Rf7 24. Rc5 Qb8 25. Qc3 Rfc7 26. Qe5 Kf7 27. Rd6
Re7 28. c7 Qa7 29. Bd5 exd5 30. Qxd5+ Kf8 31. Qxf5+ Rf7 32. Qxc8 a5 33. Qxe8+
Kxe8 34. c8=Q+ 1-0

[Event "9MCR_4D_1L_4S"]
[Site "?"]
[Date "2010.??.??"]
[Round "?"]
[White "Portych, Vaclav"]
[Black "Volf, Michal"]
[Result "1/2-1/2"]
[WhiteElo "2129"]
[BlackElo "1760"]
[Annotator "078"]
[PlyCount "227"]
[EventDate "2010.??.??"]
[EventType "corr"]
[SourceDate "2002.06.29"]

1. c4 e5 2. Nc3 Nf6 3. Nf3 Nc6 4. g3 Bb4 5. Nd5 Bc5 6. d3 h6 7. Bg2 O-O 8. O-O
d6 9. e3 a5 10. Nc3 Ba7 11. b3 Bf5 12. Bb2 Qd7 13. a3 Bh3 14. Qc2 Bxg2 15. Kxg2
Rfe8 16. Rfe1 Ne7 17. Rac1 Ng6 18. Nd5 Nxd5 19. cxd5 Bb6 20. Nd2 a4 21. b4 Rac8
22. h4 Qg4 23. Rh1 Ne7 24. Qc4 f5 25. Qxg4 fxg4 26. e4 h5 27. Nc4 Ba7 28. b5
Rf8 29. Rc2 Rf3 30. Bc1 Rxd3 31. Bg5 Re8 32. b6 Bxb6 33. Nxb6 cxb6 34. Rc7 Kf8
35. Rb1 Rb3 36. Rbc1 Rxa3 37. Rxb7 Rf3 38. Ra7 a3 39. Rcc7 Rf7 40. Rxa3 Nc8 41.
Rc6 Rd7 42. Rac3 Ne7 43. Rxb6 Ra8 44. Bc1 Kf7 45. Ba3 Nc8 46. Rb5 Rda7 47. Bb4
Kf6 48. Rc2 g5 49. Bd2 gxh4 50. gxh4 Kg6 51. Rb3 Ra2 52. Rcb2 R2a4 53. Rb8 Rxb8
54. Rxb8 Rc4 55. Kg3 Ne7 56. f3 gxf3 57. Kxf3 Nxd5 58. exd5 Rxh4 59. Be3 Ra4
60. Rd8 Kf5 61. Rxd6 e4+ 62. Ke2 Ra2+ 63. Bd2 Ke5 64. Rd8 h4 65. d6 h3 66. d7
Ke6 67. Rh8 Kxd7 68. Rxh3 Ke6 69. Rb3 Kd5 70. Ke3 Ra4 71. Rb5+ Ke6 72. Bb4 Kd7
73. Bc3 Kc6 74. Rh5 Ra3 75. Kd4 e3 76. Re5 e2 77. Re6+ Kb5 78. Rxe2 Ra8 79.
Rb2+ Kc6 80. Kc4 Ra7 81. Rh2 Ra8 82. Rh6+ Kb7 83. Kb5 Kc7 84. Kc5 Ra4 85. Rh7+
Kd8 86. Bb4 Ra2 87. Kd6 Ra6+ 88. Kd5 Ra4 89. Bd6 Ra6 90. Rb7 Ra4 91. Ke6 Rc4
92. Rf7 Kc8 93. Rf8+ Kb7 94. Kd7 Rc3 95. Rb8+ Ka6 96. Be5 Rc2 97. Kd6 Ka5 98.
Bd4 Ka4 99. Bb2 Rc4 100. Kd5 Rb4 101. Ra8+ Kb3 102. Be5 Rb7 103. Rh8 Rb6 104.
Rh3+ Ka4 105. Bd4 Rb3 106. Rh7 Rb8 107. Bc5 Kb5 108. Ra7 Rd8+ 109. Bd6 Kb6 110.
Ra2 Rc8 111. Rb2+ Ka5 112. Bc5 Ka6 113. Kc4 Rc7 114. Rb6+ 1/2-1/2

[Event "9MCR_4D_1L_4S"]
[Site "?"]
[Date "2010.??.??"]
[Round "?"]
[White "Stika, Vaclav"]
[Black "Hlavacek, Ladislav"]
[Result "1-0"]
[WhiteElo "2106"]
[BlackElo "2004"]
[Annotator "025"]
[PlyCount "101"]
[EventDate "2010.??.??"]
[EventType "corr"]
[SourceDate "2002.06.29"]

1. d4 d5 2. c4 dxc4 3. Nf3 Nf6 4. Nc3 a6 5. e4 b5 6. e5 c6 7. exf6 exf6 8. Be2
Bb4 9. a3 Ba5 10. O-O O-O 11. Be3 Be6 12. Ne1 Nd7 13. Nc2 Bc7 14. Nb4 Nb6 15.
Bf3 Nd5 16. Qd2 Re8 17. Rfe1 Qd7 18. Nbxd5 cxd5 19. Bf4 Ba5 20. h3 Bf5 21.
Rxe8+ Rxe8 22. a4 Bb4 23. axb5 axb5 24. Qd1 Be6 25. Qb1 g5 26. Bd2 Bf8 27. Ra5
Rb8 28. Qa1 Rb7 29. Ra8 Kg7 30. Qa5 b4 31. Rxf8 Kxf8 32. Nxd5 Bxd5 33. Bxd5 Rb5
34. Qa8+ Kg7 35. Bxc4 Qxd4 36. Bxb5 Qxd2 37. Qa1 Qc2 38. Be8 h5 39. Qa7 Qc4 40.
g3 Kf8 41. Qe3 Qc2 42. b3 Qd1+ 43. Kh2 Qd5 44. Ba4 Kg7 45. Qe2 Kg6 46. Qc4 Qd6
47. Kg2 Kg7 48. Qe4 Qb6 49. Be8 Qb8 50. Bc6 Qb6 51. Bd5 1-0

[Event "9MCR_4D_1L_4S"]
[Site "?"]
[Date "2010.??.??"]
[Round "?"]
[White "Stika, Vaclav"]
[Black "Kyhos, Alois"]
[Result "1/2-1/2"]
[WhiteElo "2106"]
[BlackElo "2180"]
[Annotator "015"]
[PlyCount "63"]
[EventDate "2010.??.??"]
[EventType "corr"]
[SourceDate "2002.06.29"]

1. e4 e5 2. Nf3 Nc6 3. Bb5 a6 4. Ba4 Nf6 5. O-O Be7 6. Re1 b5 7. Bb3 O-O 8. c3
d5 9. exd5 Nxd5 10. Nxe5 Nxe5 11. Rxe5 c6 12. Re1 Bd6 13. d4 Qh4 14. g3 Qh3 15.
Re4 g5 16. Qf1 Qh5 17. Nd2 Bf5 18. f3 Rae8 19. Rxe8 Rxe8 20. Ne4 Bxe4 21. fxe4
Rxe4 22. Bd1 g4 23. Bd2 Re6 24. a4 Ne3 25. Bxe3 Rxe3 26. Qf2 Rd3 27. Be2 Rd2
28. Bxg4 Qh6 29. Be2 Rxb2 30. axb5 axb5 31. Qf3 Qe6 32. Bf1 1/2-1/2

[Event "9MCR_4D_1L_4S"]
[Site "?"]
[Date "2010.??.??"]
[Round "?"]
[White "Stika, Vaclav"]
[Black "Portych, Vaclav"]
[Result "1/2-1/2"]
[WhiteElo "2106"]
[BlackElo "2129"]
[Annotator "035"]
[PlyCount "62"]
[EventDate "2010.??.??"]
[EventType "corr"]
[SourceDate "2002.06.29"]

1. e4 c5 2. Nf3 Nc6 3. Bb5 d6 4. O-O Bg4 5. h3 Bh5 6. c3 a6 7. Bxc6+ bxc6 8.
Re1 e6 9. d4 cxd4 10. cxd4 Be7 11. Qa4 Qd7 12. Nbd2 Nf6 13. Nc4 c5 14. Qxd7+
Nxd7 15. g4 Bg6 16. Bf4 Bxe4 17. Rxe4 d5 18. Re2 dxc4 19. d5 O-O 20. Kg2 Bf6
21. dxe6 fxe6 22. Bg3 c3 23. bxc3 Bxc3 24. Rc1 Bb4 25. Rxe6 Nf6 26. Rc2 Rfe8
27. Rc6 Rec8 28. Rb6 Nd5 29. Rd6 Rd8 30. Nd2 Rxd6 31. Bxd6 Rc8 1/2-1/2

[Event "9MCR_4D_1L_4S"]
[Site "?"]
[Date "2010.??.??"]
[Round "?"]
[White "Stika, Vaclav"]
[Black "Sykora, Josef"]
[Result "1/2-1/2"]
[WhiteElo "2106"]
[BlackElo "2319"]
[Annotator "043"]
[PlyCount "83"]
[EventDate "2010.??.??"]
[EventType "corr"]
[SourceDate "2002.06.29"]

1. e4 c6 2. d4 d5 3. e5 c5 4. dxc5 e6 5. Be3 Nd7 6. Bb5 Qc7 7. Nf3 Bxc5 8. Bxc5
Qxc5 9. Nc3 Ne7 10. O-O O-O 11. Bd3 h6 12. Qe2 a6 13. Rfe1 Qb6 14. Na4 Qa5 15.
Nc3 Nc5 16. a3 Nxd3 17. cxd3 Bd7 18. Rec1 Rac8 19. b4 Qb6 20. Qd2 Rc7 21. Ne2
Rfc8 22. Nfd4 a5 23. b5 a4 24. Rxc7 Qxc7 25. f4 Qc5 26. Qb2 Qb6 27. Kf1 Nc6 28.
Rc1 Kh7 29. Rb1 Nxd4 30. Nxd4 f6 31. Re1 fxe5 32. Rxe5 Qc7 33. Ke2 Qd6 34. h4
Kg8 35. g3 Kf7 36. h5 Qc5 37. Kd2 Kg8 38. Re3 Kf7 39. Re1 Qd6 40. Re2 Qc5 41.
Re3 Qd6 42. Re5 1/2-1/2

[Event "9MCR_4D_1L_4S"]
[Site "?"]
[Date "2010.??.??"]
[Round "?"]
[White "Stika, Vaclav"]
[Black "Volf, Michal"]
[Result "1-0"]
[WhiteElo "2106"]
[BlackElo "1760"]
[Annotator "063"]
[PlyCount "69"]
[EventDate "2010.??.??"]
[EventType "corr"]
[SourceDate "2002.06.29"]

1. e4 e6 2. d4 d5 3. Nc3 Nf6 4. Bg5 Be7 5. e5 Nfd7 6. Bxe7 Qxe7 7. f4 O-O 8.
Nf3 c5 9. Qd2 Nc6 10. dxc5 Nxc5 11. O-O-O a6 12. Bd3 b5 13. Qe3 Nxd3+ 14. cxd3
Bb7 15. Kb1 Rfd8 16. Nd4 Nxd4 17. Qxd4 Rac8 18. Ne2 b4 19. Rc1 Bc6 20. g4 Bb5
21. Qe3 Qb7 22. Nd4 a5 23. f5 Qa6 24. Rcd1 a4 25. f6 gxf6 26. exf6 Kh8 27. Nf3
Rc7 28. Ne5 Qa7 29. Qxa7 Rxa7 30. Rc1 b3 31. a3 d4 32. Rc5 Be8 33. Rhc1 h6 34.
g5 Ra6 35. g6 1-0

[Event "9MCR_4D_1L_4S"]
[Site "?"]
[Date "2010.??.??"]
[Round "?"]
[White "Sykora, Josef"]
[Black "Hlavacek, Ladislav"]
[Result "1-0"]
[WhiteElo "2319"]
[BlackElo "2004"]
[Annotator "017"]
[PlyCount "57"]
[EventDate "2010.??.??"]
[EventType "corr"]
[SourceDate "2002.06.29"]

1. d4 Nf6 2. c4 c5 3. d5 g6 4. Nc3 d6 5. e4 Bg7 6. Nf3 O-O 7. Be2 Qb6 8. O-O
Bg4 9. h3 Bxf3 10. Bxf3 Nfd7 11. Qc2 Re8 12. Be2 Bd4 13. Nb5 Be5 14. f4 Bg7 15.
Be3 a6 16. Nc3 Bd4 17. Qd2 Nf6 18. Bf3 Nbd7 19. Rad1 Bxc3 20. Qxc3 e5 21. f5
gxf5 22. exf5 Qc7 23. g4 e4 24. Bg2 Ne5 25. Bg5 Nfd7 26. f6 b5 27. Bxe4 Nxc4
28. Bb1 Nf8 29. Qg3 1-0

[Event "9MCR_4D_1L_4S"]
[Site "?"]
[Date "2010.??.??"]
[Round "?"]
[White "Sykora, Josef"]
[Black "Kyhos, Alois"]
[Result "1/2-1/2"]
[WhiteElo "2319"]
[BlackElo "2180"]
[Annotator "029"]
[PlyCount "70"]
[EventDate "2010.??.??"]
[EventType "corr"]
[SourceDate "2002.06.29"]

1. d4 Nf6 2. c4 e6 3. Nc3 Bb4 4. Qc2 O-O 5. a3 Bxc3+ 6. Qxc3 b6 7. Bg5 Bb7 8.
f3 h6 9. Bh4 d6 10. e3 Nbd7 11. Bd3 c5 12. Ne2 Rc8 13. O-O Ba6 14. b4 d5 15.
dxc5 dxc4 16. Bxc4 Bxc4 17. Qxc4 bxc5 18. e4 cxb4 19. Qxb4 Rb8 20. Qd4 Qa5 21.
Qe3 Rb2 22. Be1 Qa6 23. Nd4 Rc8 24. Rf2 Rxf2 25. Bxf2 Ne5 26. Qe2 Rc4 27. Nc2
Qa5 28. Ne1 Kh7 29. Qd1 Nh5 30. g3 Nf6 31. Kg2 a6 32. Ra2 Qa4 33. Qd6 Nfd7 34.
Rd2 Rc1 35. Qb4 Qc6 1/2-1/2

[Event "9MCR_4D_1L_4S"]
[Site "?"]
[Date "2010.??.??"]
[Round "?"]
[White "Sykora, Josef"]
[Black "Portych, Vaclav"]
[Result "1/2-1/2"]
[WhiteElo "2319"]
[BlackElo "2129"]
[Annotator "023"]
[PlyCount "39"]
[EventDate "2010.??.??"]
[EventType "corr"]
[SourceDate "2002.06.29"]

1. d4 Nf6 2. c4 e6 3. Nf3 b6 4. g3 Ba6 5. b3 Bb4+ 6. Bd2 Be7 7. Bg2 c6 8. Bc3
d5 9. Ne5 Nfd7 10. Nxd7 Nxd7 11. Nd2 O-O 12. O-O Nf6 13. e4 b5 14. Re1 dxe4 15.
Nxe4 bxc4 16. Nc5 Bxc5 17. dxc5 Qxd1 18. Rexd1 Nd5 19. Be5 cxb3 20. axb3
1/2-1/2

[Event "9MCR_4D_1L_4S"]
[Site "?"]
[Date "2010.??.??"]
[Round "?"]
[White "Sykora, Josef"]
[Black "Urban, Milos"]
[Result "1-0"]
[WhiteElo "2319"]
[BlackElo "1620"]
[Annotator "067"]
[PlyCount "81"]
[EventDate "2010.??.??"]
[EventType "corr"]
[SourceDate "2002.06.29"]

1. c4 Nf6 2. g3 e6 3. Bg2 d5 4. Nf3 Be7 5. O-O O-O 6. b3 c5 7. Bb2 Nc6 8. e3 b6
9. Qe2 Bb7 10. Rd1 Qc7 11. Nc3 Rad8 12. Rac1 Qb8 13. cxd5 exd5 14. d4 cxd4 15.
Nxd4 Nxd4 16. Rxd4 Bc5 17. Rdd1 d4 18. Na4 Bxg2 19. Kxg2 dxe3 20. Nxc5 Rxd1 21.
Rxd1 bxc5 22. Bxf6 Qb7+ 23. Qf3 Qxf3+ 24. Kxf3 gxf6 25. fxe3 Rb8 26. Rd7 a5 27.
Ra7 Rb5 28. Ke4 f5+ 29. Kd3 Kg7 30. Kc4 Rb4+ 31. Kxc5 Re4 32. Rxa5 Re5+ 33. Kb6
Re6+ 34. Kc7 Kf6 35. b4 Re7+ 36. Kd8 Rxe3 37. b5 Rd3+ 38. Kc7 Rc3+ 39. Kb8 f4
40. gxf4 Rc5 41. Ra6+ 1-0

[Event "9MCR_4D_1L_4S"]
[Site "?"]
[Date "2010.??.??"]
[Round "?"]
[White "Sykora, Josef"]
[Black "Volf, Michal"]
[Result "1-0"]
[WhiteElo "2319"]
[BlackElo "1760"]
[Annotator "048"]
[PlyCount "51"]
[EventDate "2010.??.??"]
[EventType "corr"]
[SourceDate "2002.06.29"]

1. c4 e5 2. g3 Nf6 3. Bg2 Nc6 4. Nc3 Bc5 5. e3 d6 6. Nge2 O-O 7. O-O Bg4 8. h3
Bf5 9. d3 Qd7 10. Kh2 a5 11. a3 h5 12. d4 exd4 13. exd4 Bb6 14. Bg5 Nh7 15. Be3
Nf6 16. Nf4 Rfe8 17. c5 dxc5 18. dxc5 Qxd1 19. Raxd1 Ba7 20. Nb5 Bb8 21. Bd2
Kh7 22. Rfe1 Rxe1 23. Rxe1 Ba7 24. Nxa7 Rxa7 25. Nxh5 Nxh5 26. g4 1-0

[Event "9MCR_4D_1L_4S"]
[Site "?"]
[Date "2010.??.??"]
[Round "?"]
[White "Tomisek, Petr"]
[Black "Bednarik, Radovan"]
[Result "1/2-1/2"]
[WhiteElo "2187"]
[BlackElo "2043"]
[Annotator "007"]
[PlyCount "45"]
[EventDate "2010.??.??"]
[EventType "corr"]
[SourceDate "2002.06.29"]

1. e4 e5 2. Nf3 Nc6 3. d4 exd4 4. Bc4 Bc5 5. c3 Nf6 6. e5 d5 7. Bb5 Ne4 8. cxd4
Bb6 9. h3 O-O 10. O-O f6 11. Nc3 fxe5 12. dxe5 Be6 13. Bxc6 bxc6 14. Be3 Qe8
15. Nd4 Nxc3 16. bxc3 c5 17. Nxe6 Qxe6 18. a4 d4 19. Bd2 c4 20. cxd4 Bxd4 21.
Rc1 Bb2 22. Rc2 Bxe5 23. Re1 1/2-1/2

[Event "9MCR_4D_1L_4S"]
[Site "?"]
[Date "2010.??.??"]
[Round "?"]
[White "Tomisek, Petr"]
[Black "Cakl, Miloslav"]
[Result "1-0"]
[WhiteElo "2187"]
[BlackElo "2041"]
[Annotator "024"]
[PlyCount "89"]
[EventDate "2010.??.??"]
[EventType "corr"]
[SourceDate "2002.06.29"]

1. e4 c5 2. d4 cxd4 3. c3 dxc3 4. Nxc3 Nc6 5. Nf3 e6 6. Bc4 d6 7. O-O Nf6 8.
Qe2 Be7 9. Rd1 Bd7 10. Bg5 a6 11. Rac1 Rc8 12. Bf4 O-O 13. h3 b5 14. Bd3 e5 15.
Be3 h6 16. Bb1 Re8 17. Nd5 Nxd5 18. exd5 Na5 19. Nd2 Rxc1 20. Rxc1 Qb8 21. Qh5
Rc8 22. Re1 Be8 23. Bxh6 g6 24. Qg4 Rc7 25. f4 f5 26. Bxf5 Kh7 27. Bxg6+ Bxg6
28. f5 Qe8 29. Bg5 Bxf5 30. Qxf5+ Qg6 31. Qxg6+ Kxg6 32. Bxe7 Rxe7 33. Ne4 Nb7
34. g4 Rc7 35. b3 Rc2 36. h4 Kg7 37. h5 Nc5 38. Nxd6 Nd3 39. Re3 Nf4 40. Rxe5
Rg2+ 41. Kf1 Rxg4 42. Ne8+ Kf8 43. Nf6 Rh4 44. Rf5 Ke7 45. Kf2 1-0